000 00255nam a2200121#a 4500
001 01382
003 HDC
007 ta
008 230623s2023 xx 000 0 eng d
040 _aHDC
245 0 _aHDC corporate video 2008 [GMD] :
_b[loop].
942 _2lcc
999 _c22948
_d22948